Peace of Mind : (Record no. 101428)

MARC details
000 -LEADER
fixed length control field 00511nam a22001817a 4500
005 - DATE AND TIME OF LATEST TRANSACTION
control field 20181205142544.0
010 ## - LCCN (DPL NO)
LC control number ENG-115505
020 ## - INTERNATIONAL STANDARD BOOK NUMBER
International Standard Book Number 9789381384435
Terms of availability 150.00
035 ## - SYSTEM CONTROL NUMBER
System control number EN-99037
037 ## - SOURCE OF ACQUISITION
Source of stock number/acquisition DBAD/PUB
082 ## - DEWEY DECIMAL CLASSIFICATION NUMBER
Classification number 158.1
100 ## - MAIN ENTRY--PERSONAL NAME
Personal name Sharma,Hari Dutt
245 ## - TITLE STATEMENT
Title Peace of Mind :
Remainder of title in unique verses /
260 ## - PUBLICATION, DISTRIBUTION, ETC. (IMPRINT)
Place of publication, distribution, etc New Delhi
Name of publisher, distributor, etc V & S Publishers
Date of publication, distribution, etc 2015
270 ## - ADDRESS
Address F-2/16,Ansari Road,Daryaganj
City New Delhi
Postal code 110002
300 ## - PHYSICAL DESCRIPTION
Extent 174p
Dimensions 21cm(pbk)
942 ## - ADDED ENTRY ELEMENTS (KOHA)
Source of classification or shelving scheme Dewey Decimal Classification
Item type English Books
Classification part 158.1
Call number suffix HAR
Holdings
Withdrawn status Lost status Not for loan Collection code Home library Current library Date acquired Source of acquisition Cost, normal purchase price Full call number Barcode Copy number Cost, replacement price Koha item type
    Not For Loan Non-fiction D.B.Act.Division Bawana 22/07/2016 DBAD/PUB 150.00 158.1 HAR EN-99037 1 150.00 English Books

© Delhi Public Library
Hit Counter
free hit counter